School Se Rozgaar Tak. (Record no. 4941)

MARC details
000 -LEADER
fixed length control field 00592nam a2200241 a 4500
020 ## - INTERNATIONAL STANDARD BOOK NUMBER
ISBN
082 00 - DEWEY DECIMAL CLASSIFICATION NUMBER
Classification number 305.235
Author Cutter FAR
100 ## - MAIN ENTRY--AUTHOR NAME
Author name Farooqi, Rafiuddin
245 ## - TITLE STATEMENT
Title School Se Rozgaar Tak.
260 ## - PUBLICATION, DISTRIBUTION, ETC. (IMPRINT)
Place of publication Hyderabad
Name of publisher Lucky Fine Arts Printing Press
Year of publication 1974
300 ## - PHYSICAL DESCRIPTION
Number of Pages 224p
500 ## - GENERAL NOTE
General note includes index and biblioraphy
505 2# - FORMATTED CONTENTS NOTE
Formatted contents note appendix
650 ## - SUBJECT ADDED ENTRY--TOPICAL TERM
Topical Term Muslim-Youth
942 ## - ADDED ENTRY ELEMENTS (KOHA)
Koha item type Books
700 1# -
-- Farooqi, Rafiuddin
Holdings
Collection code Home library Current library Date acquired Cost, normal purchase price Full call number Accession Number Koha item type
  Henry Martyn Institute Library Henry Martyn Institute Library 03/20/2007 10.50 305.235 FAR 09526 Books
                   Copyright © 2026 | Henry Martyn Institute | Hyderabad | TS-500052 | INDIA | Implemented by hmi.edu.in
Hit-Count:

Powered by Koha